|
|
|
|
| LEADER |
01407nam a2200349 a 4500 |
| 001 |
39709 |
| 003 |
BD-DhAAL |
| 005 |
20221013113509.0 |
| 008 |
221013t2004 dcu b i001 0 eng d |
| 999 |
|
|
|c 44954
|d 44954
|
| 010 |
|
|
|a 2003061376
|
| 020 |
|
|
|a 0821354876
|
| 020 |
|
|
|a 9780821354872
|
| 040 |
|
|
|a DLC
|c DLC
|d DLC
|d BD-DhAAL
|
| 043 |
|
|
|a d------
|
| 050 |
0 |
0 |
|a K1401
|b .P66 2004
|
| 082 |
0 |
0 |
|a 346.124048
|2 22
|
| 245 |
0 |
0 |
|a Poor people's knowledge :
|b promoting intellectual property in developing countries /
|c edited by J. Michael Finger and Philip Schuler.
|
| 260 |
|
|
|a [Washington, D.C.] :
|b Copublication of the World Bank and Oxford University Press,
|c c2004.
|
| 300 |
|
|
|a x, 250 pages ;
|c 23 cm.
|
| 490 |
|
|
|a Trade and development series
|
| 504 |
|
|
|a Includes bibliographical references and index.
|
| 541 |
|
|
|a Donated By Akbar Ali Khan
|e 39709
|
| 650 |
|
0 |
|a Intellectual property
|z Developing countries.
|9 51815
|
| 650 |
|
0 |
|a Intellectual property (International law).
|9 51816
|
| 650 |
|
0 |
|a Law.
|9 51820
|
| 700 |
1 |
|
|a Finger, J. M.
|9 51817
|
| 700 |
1 |
|
|a Schuler, Philip.
|9 51818
|
| 830 |
|
|
|a Trade and development series
|9 51819
|
| 852 |
|
|
|a Ayesha Abed Library
|c Akbar Ali Khan Collection
|
| 942 |
|
|
|2 ddc
|c BK
|
| 952 |
|
|
|0 0
|1 0
|2 ddc
|4 0
|6 346_124048000000000_POO
|7 1
|9 72057
|a BRACUL
|b BRACUL
|c CS1
|d 2022-10-13
|e Donated by Akbar Ali Khan
|l 0
|o 346.124048 POO
|p 3010039709
|r 2022-10-13
|t 1
|w 2022-10-13
|y BK
|